02228cam a2200601 a 450000100060000000300040000600500170001000800410002701500160006802000270008403500280011103500270013903500410016604000340020704100130024104400110025407200650026507200750033008000170040508000270042208000130044908000200046208000200048208000160050208000190051808000190053708000170055610000380057324000340061124501450064526000490079030000340083950000260087350000330089965000260093265000460095865000340100465000650103865000350110365000310113865000440116965000390121365000290125265000580128165000260133965000340136565500390139965500320143865500460147065500500151670000300156670000300159623471VRT20260624110928.0240318s2016 xo a b 000 0dslo  aSNBA2017/02 a9788089793129q(viaz.) aurn:nbn:sk:snk-am00cwhe aurn:nbn:sk:snk-am3hn84 a7C872FFA-CF98-4B7A-AC17-C2D0BB51B4F0 aSVKBBbslocSVKBBdSNKeAACR21 asloheng axocSK 7a27-4xPraktická teológia. Morálna teológia2konspekt 7a0/9-053.2xLiteratúra pre deti a mládež (náučná)2konspekt a27-18422011 a316.346.2-055.1522011 a2722011 a27-423.7922011 a316.472.422011 a17.0222011 a27-277.222011 a(0:82-6)22011 a(0.05)220111 aShepherd, Sheri Rose,d1961-4aut10aHis mighty warriorlSlovensky10aMocnému bojovníkovibdrahocenné listy od KráľacSheri Rose Shepherd ; ilustrovala: Lisa Marie Browning ; [preklad: Eva Pelzlová] aBratislavabChristian Project Supportcc2016 a108 s.bfareb. ilustr.c21 cm aBiografické údaje aPreložené z angličtiny07aBoh a človek2SNKPH07achlapcixkresťanské chápanie2SNKPH07akresťanská láska2SNKPH07ainterpersonálne vzťahyxkresťanské chápanie2SNKPH07aživotná múdrosť2SNKPH07abiblické citáty2SNKPH07aRelations between God and man2SNKPHeng07aBoysxChristian approach2SNKPHeng07aChristian love2SNKPHeng07aInterpersonal relationsxChristian approach2SNKPHeng07aLife wisdom2SNKPHeng07aBiblical quotations2SNKPHeng 7afiktívna korešpondencia2SNKPH 7aImaginary letters2SNKPHeng 7apublikácie pre deti a mládež2SNKPH 7aPublications for children and youth2SNKPHeng1 aBrowning, Lisa Marie4ill1 aSimo Pelzlová, Eva4trl